Four Letter Geography #1 - Statistics

General Stats
  • This quiz has been taken 89,503 times
    85,104 since last reset
  • The average score is 17 of 24
Answer Stats
Hint Answer % Correct
South American country Peru
95%
Italy's capital Rome
95%
It's usually considered to be the longest river in the world Nile
93%
Norway's capital Oslo
92%
Country ruled by Fidel Castro for more than 50 years Cuba
90%
Island country of Oceania Fiji
90%
Country whose name ends in Q Iraq
88%
U.S. state with the most Mormons Utah
87%
Switzerland's de-facto capital Bern
86%
Japan's highest mountain Fuji
85%
Country located in Indochina Laos
79%
One of the Great Lakes Erie
78%
U.S. state whose capital is Des Moines Iowa
78%
Asia's second largest desert Gobi
76%
Irish name for Ireland Éire
69%
Small U.S. territory located between Japan and Papua New Guinea Guam
69%
Island on which Jakarta is located Java
65%
Most active volcano in Europe Etna
62%
Island on which Honolulu is located Oahu
57%
Country whose capital is Bamako Mali
56%
Island to which Napoleon was exiled Elba
49%
Togo's capital Lomé
33%
Samoa's capital Apia
31%
"Country" of 1,681 residents in free association with New Zealand Niue
17%
No matching quizzes found
Score Distribution
Percent of People with Each Score
Percentile by Number Answered
Your Score History
You have not taken this quiz since the last reset